| 000 | 00670nam a22002177a 4500 | ||
|---|---|---|---|
| 008 | 170125b xxu||||| |||| 00| 0 eng d | ||
| 020 | _a9710855115 | ||
| 082 |
_21993 _aDFil 332.4 _bF17 |
||
| 100 |
_918586 _aFajardo, Feliciano R. |
||
| 245 |
_aMoney, credit and banking/ _cFeliciano R. Fajardo |
||
| 250 | _a4th edition | ||
| 260 |
_aMandaluyong City: _bNational Book Store, _cc1993. |
||
| 300 |
_axii, 394 pages; _c23 cm. |
||
| 500 | _aIncludes bibliographical references. | ||
| 650 | 0 |
_918587 _aMoney. |
|
| 650 | 0 |
_918588 _aFinance. |
|
| 650 | 0 |
_918589 _aBanks and banking. |
|
| 700 |
_918590 _aManansala, Manuel M. |
||
| 365 |
_b205.00 _cPhp. |
||
| 942 |
_2ddc _cDFIL |
||
| 999 |
_c6155 _d6155 |
||